Spain Euro Squad 2016 - Statistics

General Stats
  • This quiz has been taken 1,309 times
  • The average score is 16 of 23
Answer Stats
Number Post Player Club % Correct
13 GK David De Gea Manchester United
98%
3 DF Gérard Piqué FC Barcelona
96%
1 GK Iker Casillas FC Porto
94%
15 DF Sergio Ramos Real Madrid
92%
7 ST Alvaro Morata Juventus
91%
18 DF Jordi Alba FC Barcelona
90%
6 MF Andrès Iniesta FC Barcelona
88%
21 MF David Silva Manchester City
88%
5 MF Sergio Busquets FC Barcelona
85%
8 MF Koke Atletico Madrid
83%
2 DF César Azpilicueta Chelsea FC
82%
10 MF Cesc Fabregas Chelsea FC
79%
14 MF Thiago Alcantara Bayern Munich
77%
12 DF Hector Bellerin Arsenal FC
68%
11 MF Pedro Chelsea FC
67%
16 DF Juanfran Atletico Madrid
63%
20 ST Aritz Aduriz Athletic Bilbao
54%
22 ST Nolito Celta Vigo
41%
23 GK Sergio Rico Sevilla FC
38%
9 ST Lucas Vazquez Real Madrid
35%
4 DF Marc Bartra FC Barcelona
35%
17 DF Mikel San José Athletic Bilbao
15%
19 MF Bruno Soriano Villarreal CF
14%
No matching quizzes found
Score Distribution
Percent of People with Each Score
Percentile by Number Answered
Your Score History
You have not taken this quiz